Las Subdivisiones de Primer Nivel de Sudamérica en un Mapa - Estadísticas

Estadísticas generales
  • Esta prueba ha sido intentada 5.219 veces
  • La puntuación promedio es 80 de 242
Respuestas en el mapa
Las respuestas están codificadas por una escala verde-roja en el mapa de la prueba según el % correcto abajo.
 
Estadísticas de respuestas
País Tipo de División Nombre % Correcto
Argentina Provincia Buenos Aires
94%
Argentina Ciudad autónoma Ciudad de Buenos Aires
94%
Chile Región Santiago
88%
Argentina Provincia Santiago del Estero
88%
Brasil Distrito Distrito Federal
81%
Perú Departamento Lima
81%
Argentina Provincia Córdoba
80%
Colombia Departamento Córdoba
80%
Brasil Estado São Paulo
80%
Brasil Estado Amazonas
79%
Colombia Departamento Amazonas
79%
Perú Departamento Amazonas
79%
Venezuela Estado Amazonas
78%
Colombia Distrito Distrito Capital
78%
Brasil Estado Río de Janeiro
78%
Venezuela Distrito Distrito Capital
76%
Uruguay Departamento Montevideo
75%
Bolivia Departamento La Paz
74%
Argentina Provincia Tierra del Fuego
70%
Paraguay Distrito Distrito Capital
68%
Colombia Departamento Sucre
67%
Venezuela Estado Sucre
67%
Argentina Provincia Mendoza
64%
Argentina Provincia Santa Cruz
64%
Bolivia Departamento Santa Cruz
64%
Argentina Provincia La Pampa
62%
Brasil Estado Pará
62%
Surinam Distrito Para
62%
Reino Unido Territorio de Ultramar Islas Malvinas
61%
Argentina Provincia Santa Fe
61%
Argentina Provincia San Juan
60%
Argentina Provincia Salta
59%
Argentina Provincia Río Negro
58%
Uruguay Departamento Rio Negro
58%
Argentina Provincia Jujuy
57%
Argentina Provincia Tucumán
57%
Argentina Provincia Chaco
56%
Argentina Provincia Misiones
56%
Argentina Provincia San Luis
56%
Argentina Provincia Corrientes
55%
Argentina Provincia Entre Ríos
55%
Argentina Provincia La Rioja
55%
Paraguay Departamento Misiones
55%
Argentina Provincia Chubut
54%
Argentina Provincia Neuquén
54%
Argentina Provincia Formosa
52%
Brasil Estado Río Grande del Sur
52%
Brasil Estado Mato Grosso
51%
Chile Región Valparaíso
51%
Brasil Estado Bahía
50%
Argentina Provincia Catamarca
50%
Chile Región Antofagasta
48%
Uruguay Departamento Lavalleja
48%
Chile Región Atacama
47%
Brasil Estado Paraná
47%
Colombia Departamento Bolívar
46%
Ecuador Provincia Bolívar
46%
Venezuela Estado Bolívar
46%
Brasil Estado Río Grande del Norte
45%
Brasil Estado Acre
44%
Ecuador Provincia Galápagos
43%
Francia Departamento de Ultramar Guayana Francesa
43%
Brasil Estado Santa Catarina
43%
Brasil Estado Minas Gerais
42%
Chile Región Arica and Parinacota
41%
Brasil Estado Mato Grosso del Sur
41%
Colombia Departamento Arauca
40%
Perú Departamento Cusco
40%
Chile Región Magallanes
40%
Perú Departamento Arequipa
39%
Brasil Estado Goiás
39%
Chile Región Los Ríos
38%
Ecuador Provincia Los Ríos
38%
Bolivia Departamento Cochabamba
37%
Surinam Distrito Paramaribo
37%
Colombia Departamento Antioquia
36%
Chile Región Los Lagos
36%
Chile Región O'Higgins
36%
Brasil Estado Pernambuco
36%
Bolivia Departamento Potosí
35%
Brasil Estado Espírito Santo
34%
Brasil Estado Roraima
34%
Uruguay Departamento San José
34%
Brasil Estado Amapá
33%
Chile Región Biobío
33%
Uruguay Departamento Canelones
33%
Brasil Estado Ceará
33%
Brasil Estado Rondônia
33%
Colombia Departamento San Andrés, Providencia and Santa Catalina
33%
Colombia Departamento Santander
33%
Chile Región Coquimbo
32%
Perú Departamento San Martín
32%
Brasil Estado Tocantins
32%
Chile Región Araucanía
31%
Uruguay Departamento Colonia
31%
Perú Departamento Loreto
31%
Brasil Estado Alagoas
30%
Colombia Departamento Atlántico
30%
Colombia Departamento Cauca
30%
Brasil Estado Paraíba
30%
Brasil Estado Piauí
30%
Uruguay Departamento Salto
30%
Perú Ciudad autónoma Callao
29%
Colombia Departamento Cundinamarca
29%
Uruguay Departamento Maldonado
29%
Brasil Estado Maranhão
29%
Chile Región Ñuble
29%
Brasil Estado Sergipe
29%
Chile Región Tarapacá
29%
Uruguay Departamento Treinta y Tres
29%
Uruguay Departamento Artigas
28%
Chile Región Aysén
28%
Chile Región Maule
28%
Bolivia Departamento Oruro
28%
Perú Departamento Tacna
28%
Colombia Departamento Valle del Cauca
28%
Perú Departamento Cajamarca
27%
Colombia Departamento Chocó
27%
Colombia Departamento La Guajira
27%
Colombia Departamento Magdalena
27%
Colombia Departamento Norte de Santander
27%
Perú Departamento Puno
27%
Bolivia Departamento Tarija
27%
Venezuela Estado Trujillo
27%
Bolivia Departamento Beni
26%
Colombia Departamento Boyacá
26%
Paraguay Departamento Concepción
26%
Uruguay Departamento Durazno
26%
Uruguay Departamento Flores
26%
Venezuela Estado Mérida
26%
Venezuela Estado Zulia
26%
Colombia Departamento Caldas
25%
Perú Departamento Madre de Dios
25%
Colombia Departamento Meta
25%
Colombia Departamento Nariño
25%
Colombia Departamento Tolima
25%
Perú Departamento Ayacucho
24%
Uruguay Departamento Florida
24%
Colombia Departamento Huila
24%
Perú Departamento Ica
24%
Perú Departamento La Libertad
24%
Uruguay Departamento Paysandú
24%
Colombia Departamento Quindío
24%
Uruguay Departamento Tacuarembó
24%
Paraguay Departamento Alto Paraguay
23%
Bolivia Departamento Pando
23%
Perú Departamento Piura
23%
Colombia Departamento Putumayo
23%
Uruguay Departamento Rocha
23%
Paraguay Departamento San Pedro
23%
Colombia Departamento Vaupés
23%
Colombia Departamento Vichada
23%
Colombia Departamento Caquetá
22%
Uruguay Departamento Cerro Largo
22%
Colombia Departamento Cesar
22%
Bolivia Departamento Chuquisaca
22%
Perú Departamento Junín
22%
Colombia Departamento Risaralda
22%
Uruguay Departamento Rivera
22%
Venezuela Estado Carabobo
21%
Ecuador Provincia El Oro
21%
Colombia Departamento Guaviare
21%
Ecuador Provincia Guayas
21%
Paraguay Departamento Presidente Hayes
21%
Perú Departamento Tumbes
21%
Perú Departamento Ucayali
21%
Paraguay Departamento Alto Paraná
20%
Perú Departamento Ancash
20%
Colombia Departamento Casanare
20%
Paraguay Departamento Central
20%
Ecuador Provincia Esmeraldas
20%
Colombia Departamento Guainía
20%
Venezuela Estado Lara
20%
Venezuela Estado Miranda
20%
Perú Departamento Moquegua
20%
Uruguay Departamento Soriano
20%
Venezuela Estado Táchira
20%
Perú Departamento Apurímac
19%
Paraguay Departamento Boquerón
19%
Venezuela Estado Falcón
19%
Perú Departamento Huancavelica
19%
Perú Departamento Lambayeque
19%
Venezuela Estado Nueva Esparta
19%
Perú Departamento Pasco
19%
Venezuela Estado Portuguesa
19%
Venezuela Estado Apure
18%
Venezuela Estado Barinas
18%
Paraguay Departamento Cordillera
18%
Venezuela Estado Delta Amacuro
18%
Perú Departamento Huánuco
18%
Venezuela Estado Anzoátegui
17%
Venezuela Estado Aragua
17%
Venezuela Dependencia Dependencias Federales
17%
Paraguay Departamento Guairá
17%
Guyana Región Islas Esequibo-Demerara Occidental
17%
Ecuador Provincia Loja
17%
Venezuela Estado Monagas
17%
Ecuador Provincia Pichincha
17%
Ecuador Provincia Chimborazo
16%
Ecuador Provincia Santa Elena
16%
Ecuador Provincia Santo Domingo de los Tsáchilas
16%
Ecuador Provincia Zamora-Chinchipe
16%
Paraguay Departamento Caaguazú
15%
Venezuela Estado Guárico
15%
Venezuela Estado Vargas
15%
Venezuela Estado Yaracuy
15%
Paraguay Departamento Amambay
14%
Ecuador Provincia Azuay
14%
Paraguay Departamento Caazapá
14%
Venezuela Estado Cojedes
14%
Ecuador Provincia Cotopaxi
14%
Paraguay Departamento Itapúa
14%
Ecuador Provincia Orellana
14%
Paraguay Departamento Paraguarí
14%
Ecuador Provincia Imbabura
13%
Ecuador Provincia Manabí
13%
Ecuador Provincia Napo
13%
Paraguay Departamento Ñeembucú
13%
Ecuador Provincia Pastaza
13%
Ecuador Provincia Sucumbíos
13%
Ecuador Provincia Cañar
12%
Paraguay Departamento Canindeyú
12%
Ecuador Provincia Carchi
12%
Ecuador Provincia Morona Santiago
12%
Ecuador Provincia Tungurahua
11%
Guyana Región Demerara-Mahaica
10%
Guyana Región Alto Demerara-Berbice
9%
Guyana Región Mahaica-Berbice
9%
Surinam Distrito Coronie
8%
Surinam Distrito Sipaliwini
8%
Guyana Región Alto Tacutu-Alto Esequibo
7%
Guyana Región Barima-Waini
7%
Surinam Distrito Brokopondo
7%
Surinam Distrito Nickerie
7%
Surinam Distrito Wanica
7%
Guyana Región Berbice Oriental-Corentyne
6%
Surinam Distrito Commewijne
6%
Guyana Región Cuyuní-Mazaruní
6%
Surinam Distrito Marowijne
6%
Guyana Región Pomerón-Supenaam
6%
Guyana Región Potaro-Siparuni
6%
Surinam Distrito Saramacca
6%
No se encontraron pruebas coincidentes
Distribución de puntuación
Porcentaje de gente con cada puntuación
Porcentaje por número respondido
Historial de tus puntuaciones
No has intentado esta prueba.